LIBRARY & INFORMATION CENTRE, KCAET, TAVANUR

ONLINE PUBLIC ACCESS CATALOGUE (OPAC)

Solar energy R&D in the Europian community section - A vol-6: Solar collectors test methods and design guide llines / (Record no. 10191)

MARC details
000 -LEADER
fixed length control field 00486cam a2200157ua 4500
041 ## - LANGUAGE CODE
Language code of text/sound track or separate title eng
082 ## - DEWEY DECIMAL CLASSIFICATION NUMBER
Classification number 028.71621
Item number GIL/SO
100 ## - MAIN ENTRY--AUTHOR NAME
Personal name Gillett, W B .
245 ## - TITLE STATEMENT
Title Solar energy R&D in the Europian community section - A vol-6: Solar collectors test methods and design guide llines /
260 ## - PUBLICATION, DISTRIBUTION, ETC. (IMPRINT)
Place of publication :
Name of publisher D Reidel publishing company ,
Year of publication 1985.
300 ## - PHYSICAL DESCRIPTION
Number of Pages 318 ; .
700 1# - ADDED ENTRY--PERSONAL NAME
Personal name Moon, J E .
942 ## - ADDED ENTRY ELEMENTS (KOHA)
Koha item type Books
Holdings
Withdrawn status Lost status Damaged status Home library Current library Date acquired Full call number Accession Number Koha item type
      KAUAET KAUAET 07/04/2012 028.71621 19915 Reference
free website counter